| 000 | 01264nam a2200217 a 4500 | ||
|---|---|---|---|
| 008 | 160516s2015 ||||||||||||||||| || u | ||
| 020 | _a9781292008653 | ||
| 050 | _aQH 308.2 Bio | ||
| 100 | _aCampbell, Neil A | ||
| 245 | 1 | 0 |
_aBiology: a global approach. (10th ed.) _cBy Neil A. Campbell, Jane B. Reece, Lisa A. Urry, Michael L. Cain, Steven A. Wasserman, Peter V. Minorsky [and] Robert B. Jackson |
| 250 | _a10th ed. | ||
| 260 |
_aHarlow _bPearson Education Limited _c2015 |
||
| 300 | _a1350p.: ill. | ||
| 350 | _a16.64 | ||
| 500 | _aIncludes Appendix and an index | ||
| 650 | 0 | _aBIOLOGY | |
| 995 |
_aANNEX COLLECTION (Main Library) _e745782 _FCBU-MAIN LIBRARY (Kitwe) _I16.64 _jQH 308.2 Bio _M3 _UAVAILABLE _WMay 17, 2016 _y745782 _ZAnnex Low-Usage Collection |
||
| 995 |
_aMAIN LIBRARY OPEN ACCESS _e745780 _FCBU-MAIN LIBRARY (Kitwe) _I16.64 _jQH 308.2 Bio _M1 _UAVAILABLE _WMay 17, 2016 _y745780 _ZMain Library Open Access Collection |
||
| 995 |
_aMAIN LIBRARY OPEN ACCESS _e745781 _FCBU-MAIN LIBRARY (Kitwe) _I16.64 _jQH 308.2 Bio _M2 _UAVAILABLE _WMay 17, 2016 _y745781 _ZMain Library Open Access Collection |
||
| 995 |
_aMAIN LIBRARY OPEN ACCESS _e745783 _FCBU-MAIN LIBRARY (Kitwe) _I16.64 _jQH 308.2 Bio _M4 _UAVAILABLE _WMay 17, 2016 _y745783 _ZMain Library Open Access Collection |
||
| 999 |
_c81127 _d81127 |
||